LEADER 03127nam 2200601Ia 450 001 9910145265803321 005 20170815114630.0 010 $a1-281-32215-6 010 $a9786611322151 010 $a0-470-70895-6 010 $a0-470-75102-9 010 $a0-470-75037-5 035 $a(CKB)1000000000400931 035 $a(EBL)351043 035 $a(OCoLC)437214042 035 $a(SSID)ssj0000132877 035 $a(PQKBManifestationID)11136340 035 $a(PQKBTitleCode)TC0000132877 035 $a(PQKBWorkID)10041279 035 $a(PQKB)11278833 035 $a(MiAaPQ)EBC351043 035 $a(EXLCZ)991000000000400931 100 $a20030103d2004 uy 0 101 0 $aeng 135 $aur|n|---||||| 181 $ctxt 182 $cc 183 $acr 200 00$aCrop post-harvest$b[electronic resource] $escience and technology$hVolume 2$iDurables /$fedited by Rick Hodges and Graham Farrell 210 $aOxford, UK ;$aMalden, MA $cBlackwell Science$d2004 215 $a1 online resource (297 p.) 300 $aDescription based upon print version of record. 311 $a0-632-05724-6 320 $aIncludes bibliographical references and index. 327 $aCrop Post-Harvest: Science and Technology; Contents; Contributors; Preface; Acknowledgements; 1 Rice; China; Japan; Australia; 2 Maize; Tanzania (East and Central Africa); Zimbabwe; Argentina; 3 Wheat; Pakistan and Afghanistan; United Kingdom; United States of America; Australia; 4 Malting Barley: Europe; 5 Sorghum; Underground storage; South India; Ethiopia; 6 Common Beans: Latin America; 7 Cowpea: United States of America; 8 Miscellaneous Oilseeds; Worldwide Oilseeds; Canola (rapeseed): Canada; 9 Peanuts; Senegal; United States of America; 10 Copra: The Philippines; 11 Coffee 327 $a12 Cocoa: West Africa (Ghana)13 Dried Fruit and Nuts:United States of America; 14 Cured Fish; Senegal; Beetle infestation and control in the developing tropics; Index; Colour Plates 330 $aDurable commodities are the raw products from which food can be made and are the staples on which most humans rely; with but a few exceptions they are the seeds of plants. Volume 1 of this ground-breaking book series (details below) explains how crops should be dried, handled, protected from pests and stored by smaller holders or large-scale enterprises. This second volume presents a series of case studies on how durable crops are actually stored and marketed. The compilation of this three-volume work has been supported and is endorsed by the Natural Resources Institute of the Universit 606 $aCrops$xPostharvest technology 606 $aAgricultural processing 608 $aElectronic books. 615 0$aCrops$xPostharvest technology. 615 0$aAgricultural processing. 676 $a631.56 701 $aGolob$b P$0941278 701 $aFarrell$b Graham$cDr.$0939632 701 $aHodges$b Rick$cDr.$0941279 801 0$bMiAaPQ 801 1$bMiAaPQ 801 2$bMiAaPQ 906 $aBOOK 912 $a9910145265803321 996 $aCrop post-harvest$92123131 997 $aUNINA LEADER 03179nam 22005773a 450 001 9910598015403321 005 20240912160241.0 010 $a9780520383050 010 $a0520383052 024 8 $ahttps://doi.org/10.1525/luminos.116 035 $a(CKB)5420000000432322 035 $a(ScCtBLL)d710c009-a3b6-477d-83f9-24155bc09100 035 $a(DE-B1597)585084 035 $a(DE-B1597)9780520383050 035 $a(PPN)268259410 035 $a(MiAaPQ)EBC31594287 035 $a(Perlego)4432589 035 $a(oapen)doab74927 035 $a(EXLCZ)995420000000432322 100 $a20220304i20222021 uu 101 0 $aeng 135 $auru|||||||||| 181 $ctxt$2rdacontent 182 $cc$2rdamedia 183 $acr$2rdacarrier 200 00$aAcquired Alterity $eMigration, Identity, and Literary Nationalism /$fEdward Mack 205 $a1 ed. 210 $cUniversity of California Press$d2022 210 1$a[s.l.] :$cUniversity of California Press,$d2022. 215 $a1 online resource 225 1 $aNew Interventions in Japanese Studies 327 $tFrontmatter --$tContents --$tList of Illustrations --$tAcknowledgments --$t1. Introduction --$t2. The State --$t3. Culture --$tTen Stories from Brazil --$t4. Ethnos --$t5. Language --$t6. Conclusions --$tNotes --$tAppendix 1: Proper Names --$tAppendix 2: Koronia-go (loanwords from Portuguese) --$tWorks Cited --$tIndex 330 $aA free open access ebook is available upon publication. Learn more at www.luminosoa.org. This is the first book-length study in English of the Japanese-language literary activities of early Japanese migrants to Brazil. It provides a detailed history of Japanese-language bookstores, serialized newspaper fiction, original creative works, and critical apparatuses that existed in Brazil prior to World War II. This case study of the reading and writing of one diasporic population challenges the dominant mode of literary study, in which texts are often explicitly or implicitly understood through a framework of ethno-nationalism. Self-representations by writers in the diaspora reveal flaws in this prevailing framework through what Edward Mack calls "acquired alterity," in which expectations about the stability of ethnic identity are subverted in surprising ways. Acquired Alterity encourages a reconsideration of the ramifications (and motivations) of cultural analyses of texts and the constructions of peoplehood that are often the true objects of literary knowledge production. 410 $aNew Interventions in Japanese Studies 606 $aHistory / Asia / Japan$2bisacsh 606 $aLiterary Collections / Asian / Japanese$2bisacsh 606 $aLiterary Criticism / Asian / Japanese$2bisacsh 606 $aHistory 608 $aAnthologies$2lcgft 615 7$aHistory / Asia / Japan 615 7$aLiterary Collections / Asian / Japanese 615 7$aLiterary Criticism / Asian / Japanese 615 0$aHistory. 676 $a981/.61 700 $aMack$b Edward$01224593 801 0$bScCtBLL 801 1$bScCtBLL 906 $aBOOK 912 $a9910598015403321 996 $aAcquired Alterity$92843158 997 $aUNINA